[Event "CZE-chT1W 1920"]
[Site "Czech Republic"]
[Date "2020.02.02"]
[Round "7.4"]
[White "Kourousis, Epaminondas"]
[Black "Stocek, Jiri"]
[Result "0-1"]
[WhiteElo "2389"]
[BlackElo "2569"]
[PlyCount "160"]
[EventDate "2019.10.20"]
[EventType "team-tourn"]
[EventRounds "11"]
[EventCountry "CZE"]
[SourceTitle "CBM 194 Extra"]
[Source "ChessBase"]
[SourceDate "2020.03.31"]
[SourceVersion "1"]
[SourceVersionDate "2020.03.31"]
[SourceQuality "1"]
[WhiteTeam "Praha DP EA Hotels"]
[BlackTeam "Line"]
[WhiteTeamCountry "CZE"]
[BlackTeamCountry "CZE"]

1. Nf3 Nf6 2. c4 d6 3. d4 g6 4. g3 Bg7 5. b3 c5 6. Bb2 Ne4 7. e3 Qa5+ 8. Nbd2 Bg4 9. Bg2 cxd4 10. Bxd4 Bxd4 11. exd4 Nc6 12. 0-0 Nxd2 13. Qxd2 Qxd2 14. Nxd2 Nxd4 15. Bxb7 Rb8 16. Bg2 Kd7 17. f3 Bf5 18. f4 Rhc8 19. Nf3 Nc2 20. Rac1 Nb4 21. Nd4 a5 22. Rcd1 Nc2 23. Nxc2 Bxc2 24. Bh3+ e6 25. Rd2 Be4 26. Re1 Ba8 27. Bf1 Ke7 28. Re3 Rb6 29. Kf2 Bc6 30. Be2 Be8 31. Bd1 Rc5 32. Red3 g5 33. Rd4 f6 34. fxg5 Rxg5 35. Rh4 h5 36. Rhd4 a4 37. Bc2 Ra5 38. Bd1 Rf5+ 39. Rf4 Ra5 40. Rfd4 axb3 41. axb3 Bg6 42. b4 Rxb4 43. Rxd6 Be8 44. Be2 Rb3 45. Kg2 f5 46. Bf3 Raa3 47. Be2 Rb1 48. R6d3 Ra5 49. Rd1 Rb4 50. R3d2 Kf6 51. Rd8 Ra2 52. R1d2 Bc6+ 53. Kf2 Rxd2 54. Rxd2 Ke7 55. Bxh5 Rxc4 56. Bf3 Be8 57. Ra2 e5 58. Ra7+ Bd7 59. h4 Rc2+ 60. Ke3 Rc3+ 61. Kf2 e4 62. Be2 Ke6 63. Ra6+ Ke5 64. Ra5+ Kd4 65. Ra1 Bc6 66. Rd1+ Ke5 67. h5 e3+ 68. Ke1 Be4 69. Ra1 Kf6 70. Ra6+ Kg7 71. Ra7+ Kh8 72. Ra1 Rc7 73. Rd1 Rg7 74. Rd8+ Kh7 75. Bd3 Bxd3 76. Rxd3 Rxg3 77. Ke2 f4 78. Rd6 Rg2+ 79. Kf3 Rf2+ 80. Kg4 e2 0-1

[Event "EU-ch blitz"]
[Site "Tallinn"]
[Date "2019.12.07"]
[Round "13"]
[White "Muter, Donny"]
[Black "Kourousis, Epaminondas"]
[Result "1/2-1/2"]
[WhiteElo "2169"]
[BlackElo "2366"]
[PlyCount "132"]
[EventDate "2019.12.07"]
[EventType "swiss (blitz)"]
[EventRounds "22"]
[EventCountry "EST"]
[SourceTitle "CBM 193 Extra"]
[Source "ChessBase"]
[SourceDate "2020.01.31"]
[SourceVersion "1"]
[SourceVersionDate "2020.01.31"]
[SourceQuality "1"]

1. d4 Nf6 2. Nf3 e6 3. Bg5 c5 4. e3 cxd4 5. exd4 b6 6. Bd3 Bb7 7. Nbd2 Be7 8. 0-0 0-0 9. Re1 d6 10. c3 Nbd7 11. a4 a6 12. Qe2 Re8 13. Nc4 Qc7 14. Bf4 Bf8 15. Bg3 g6 16. Ng5 h6 17. Nf3 Nh5 18. Nfd2 Nxg3 19. fxg3 e5 20. dxe5 dxe5 21. g4 Bg7 22. Rf1 e4 23. Bc2 Ne5 24. Nxe5 Qxe5 25. Bb3 Bd5 26. Bxd5 Qxd5 27. Nc4 b5 28. Ne3 Qe6 29. axb5 axb5 30. Qxb5 Rab8 31. Qe2 Rbd8 32. Rad1 Rd3 33. Nc2 Qb6+ 34. Kh1 Red8 35. Nb4 Rxd1 36. Rxd1 Re8 37. Nd5 Qd6 38. Ne3 Qf4 39. Rf1 Qe5 40. Qc4 Re7 41. Qe2 Bf6 42. Rc1 Bg5 43. Rd1 Kg7 44. Nf1 e3 45. Ng3 Qf4 46. c4 Rb7 47. Rb1 Rb3 48. Nf1 Qe4 49. Rd1 Bf6 50. Ng3 Qe5 51. Rb1 Rb8 52. Kg1 h5 53. gxh5 Rxb2 54. Rxb2 Qxb2 55. Qxb2 Bxb2 56. Kf1 gxh5 57. Nxh5+ Kg6 58. Nf4+ Kf5 59. Nd3 Bd4 60. Ke2 Ke4 61. h4 f5 62. g3 Bb6 63. h5 Bc7 64. Nf4 Be5 65. h6 Bf6 66. h7 Kd4 1/2-1/2

[Event "CZE-chT 1920"]
[Site "Czech Republic"]
[Date "2019.10.13"]
[Round "2.1"]
[White "Kourousis, Epaminondas"]
[Black "Vyskocil, Neklan"]
[Result "1-0"]
[WhiteElo "2389"]
[BlackElo "2295"]
[PlyCount "75"]
[EventDate "2019.10.12"]
[EventType "team-tourn"]
[EventRounds "11"]
[EventCountry "CZE"]
[SourceTitle "EXT 2020"]
[Source "ChessBase"]
[SourceDate "2019.10.17"]
[SourceVersion "1"]
[SourceVersionDate "2019.10.17"]
[SourceQuality "1"]
[WhiteTeam "Praha Dopravni Podnik"]
[BlackTeam "Brno Duras"]
[WhiteTeamCountry "CZE"]
[BlackTeamCountry "CZE"]

1. Nf3 f5 2. g3 Nf6 3. Bg2 g6 4. 0-0 d6 5. d4 Bg7 6. b3 0-0 7. Bb2 c6 8. c4 Qc7 9. Qc2 Na6 10. a3 Bd7 11. Nbd2 Rae8 12. e4 e5 13. c5 dxc5 14. dxc5 fxe4 15. Ng5 Bf5 16. Ngxe4 Nxe4 17. Nxe4 Qf7 18. b4 Nc7 19. a4 Ne6 20. Qc4 Bxe4 21. Bxe4 Ng5 22. Qxf7+ Rxf7 23. Rae1 Nf3+ 24. Bxf3 Rxf3 25. Re4 Rb3 26. Ba1 Rd8 27. Rfe1 Rd7 28. Kg2 Kf7 29. f4 Rd2+ 30. Kh3 Rd7 31. Bxe5 Bxe5 32. fxe5 Ke6 33. Rf4 Rf7 34. Rd4 Rbf3 35. Rd6+ Kf5 36. Kg2 Kg4 37. Rd4+ Kh5 38. e6 1-0

[Event "GRE-chT 47th"]
[Site "Patras"]
[Date "2019.07.03"]
[Round "3.5"]
[White "Kourousis, Epaminondas"]
[Black "Ioannidis, Evgenios"]
[Result "1-0"]
[WhiteElo "2394"]
[BlackElo "2378"]
[PlyCount "97"]
[EventDate "2019.07.02"]
[EventType "team-swiss"]
[EventRounds "7"]
[EventCountry "GRE"]
[SourceTitle "CBM 191 Extra"]
[Source "ChessBase"]
[SourceDate "2019.09.30"]
[SourceVersion "1"]
[SourceVersionDate "2019.09.30"]
[SourceQuality "1"]
[WhiteTeam "Panionios GA"]
[BlackTeam "Amo Galaxias"]
[WhiteTeamCountry "GRE"]
[BlackTeamCountry "GRE"]

1. Nf3 c5 2. c4 Nc6 3. g3 g6 4. Bg2 Bg7 5. 0-0 d6 6. Nc3 Bf5 7. a3 Qd7 8. Re1 Nf6 9. d3 0-0 10. Rb1 Bh3 11. Bh1 h6 12. b4 Rac8 13. b5 Nd8 14. Nd5 Nh5 15. Qa4 e6 16. Nf4 Nxf4 17. Bxf4 e5 18. Bc1 b6 19. Nd2 f5 20. Qa6 Kh7 21. a4 Rb8 22. a5 Ne6 23. axb6 axb6 24. e3 f4 25. Ne4 Bf5 26. Qa2 Bxe4 27. Bxe4 Ng5 28. exf4 exf4 29. Bxf4 Nh3+ 30. Kh1 Bd4 31. Re2 Nxf4 32. gxf4 Rxf4 33. Rg1 Rg8 34. Rg3 Be5 35. Rg2 Rf6 36. Qa6 Qc7 37. Ra2 Rg7 38. Qa8 Bc3 39. Qc6 Ba5 40. Ra1 Qxc6 41. bxc6 Kh8 42. Rag1 g5 43. h4 Rf4 44. hxg5 Rh4+ 45. Rh2 Rxh2+ 46. Kxh2 hxg5 47. Kg3 Kg8 48. Rh1 Re7 49. Rh7 1-0